000 00732nam a2200241Ia 4500
005 20260430150338.0
008 008 250103s9999 xx 000 0 eng d
037 _aTheses
040 _aCRL
040 _beng
040 _ceng
041 _2eng
041 _aeng
084 _qCRL
100 _aKatiyar Suleshma Au.; Jogi Jyotika Gu.
_91237212
245 0 _aModeling and Simulation of Ambipolar Transport in Organic Field-Effect Transistor for Light Emitting Applications
260 _c2023
300 _a202p.
650 _aElectronic Science
700 _aUniversity of Delhi. Faculty of Inter- Disciplinary & Applied Science. Deptt. of Electronics Science
_91237213
942 _cTH
999 _c1849564
_d1849564